[Event "Europa ch Femenino 2013"]
[Site "Belgrado SER"]
[Date "2013.08.01"]
[Round "9.45"]
[White "Golubeva, Oksana"]
[Black "Papp, Petra"]
[Result "0-1"]
[WhiteElo "2149"]
[BlackElo "2276"]
[PlyCount "102"]
[EventDate "2013.07.23"]
[EventType "swiss"]
[EventRounds "11"]
[EventCountry "SER"]
[Source "lmi"]
[SourceDate "2013.07.22"]

1. c4 g6 2. g3 Bg7 3. Bg2 e5 4. Nc3 d6 5. e3 f5 6. Nge2 Nf6 7. O-O O-O 8. d4 e4
9. Qb3 c6 10. Bd2 Na6 11. Rad1 Qe7 12. d5 c5 13. Nb5 Nc7 14. Nxc7 Qxc7 15. Bc3
Bd7 16. a4 b6 17. Rd2 Rab8 18. Qc2 Qd8 19. b3 Qe8 20. Qd1 g5 21. h3 Qg6 22. Kh2
Rbe8 23. Rh1 Bc8 24. Kg1 Nd7 25. Bxg7 Qxg7 26. Kf1 Ne5 27. h4 h6 28. hxg5 hxg5
29. Nc1 Rf6 30. Qc2 Rh6 31. Rd1 Kf7 32. Ke2 Reh8 33. Kd2 Rh2 34. Rxh2 Rxh2 35.
Rg1 Qh8 36. Qd1 Ng4 37. Kc2 Nxf2 38. Qd2 Ng4 39. Ne2 Ne5 40. Qc1 Nd3 41. Kd2
Qb2+ 42. Qc2 Qxc2+ 43. Kxc2 Rxg2 44. Rxg2 Ne1+ 45. Kd2 Nxg2 46. Nc3 f4 47. gxf4
gxf4 48. exf4 e3+ 49. Kd3 Bf5+ 50. Ke2 Bg4+ 51. Kd3 e2 0-1

[Event "Europa ch Femenino 2013"]
[Site "Belgrado SER"]
[Date "2013.08.01"]
[Round "9.46"]
[White "Mamedjarova, Turkan"]
[Black "Vega Gutierrez, Belinda"]
[Result "0-1"]
[WhiteElo "2267"]
[BlackElo "2148"]
[PlyCount "144"]
[EventDate "2013.07.23"]
[EventType "swiss"]
[EventRounds "11"]
[EventCountry "SER"]
[Source "lmi"]
[SourceDate "2013.07.22"]

1. e4 e5 2. Nf3 Nc6 3. Bc4 Nf6 4. d3 Be7 5. O-O O-O 6. h3 d6 7. c3 Na5 8. Bb5
a6 9. Ba4 b5 10. Bc2 c5 11. Re1 Re8 12. Nbd2 Bf8 13. d4 Qc7 14. d5 c4 15. Nf1
h6 16. Be3 Nb7 17. Qd2 Nc5 18. Ng3 Kh7 19. Nh4 g6 20. f4 exf4 21. Bxf4 Ra7 22.
Nf3 Qb6 23. Kh1 Rae7 24. Qf2 Qd8 25. Nd2 Bg7 26. a4 Qd7 27. axb5 axb5 28. Be3
Qc7 29. Bxc5 dxc5 30. Red1 Qd6 31. Ra5 Qb6 32. Ra8 Nd7 33. Nf3 Qd6 34. Nh5 Bh8
35. Rf1 Kg8 36. Qg3 Qxg3 37. Nxg3 Ne5 38. Nxe5 Bxe5 39. Ne2 Kg7 40. Rfa1 Bd7
41. R8a7 f5 42. Ng1 fxe4 43. Bxe4 Bb8 44. Rb7 Rxe4 45. Rxd7+ R4e7 46. Re1 Rxd7
47. Rxe8 Bf4 48. Ne2 Bg5 49. h4 Bxh4 50. Nf4 Bg5 51. Ne6+ Kf7 52. Rb8 Be3 53.
Rf8+ Ke7 54. Rf3 Bc1 55. Nxc5 Rxd5 56. b4 Re5 57. Na6 Re1+ 58. Kh2 Re3 59. Kg3
Rxf3+ 60. Kxf3 Kd6 61. Ke2 Bf4 62. Nc5 Be5 63. Ke3 Kd5 64. Ne4 h5 65. g3 Ke6
66. Ke2 Kf5 67. Kf3 g5 68. Ke3 Kg4 69. Kf2 h4 70. gxh4 gxh4 71. Kg2 h3+ 72. Kh1
Kf4 0-1

[Event "Europa ch Femenino 2013"]
[Site "Belgrado SER"]
[Date "2013.08.01"]
[Round "9.47"]
[White "Styazhkina, Anna"]
[Black "Gavasheli, Ana"]
[Result "1-0"]
[WhiteElo "2242"]
[BlackElo "2170"]
[PlyCount "67"]
[EventDate "2013.07.23"]
[EventType "swiss"]
[EventRounds "11"]
[EventCountry "SER"]
[Source "lmi"]
[SourceDate "2013.07.22"]

1. e4 d6 2. d4 Nf6 3. Nc3 g6 4. Be3 a6 5. h3 b5 6. e5 Nfd7 7. f4 Nb6 8. Nf3 Nc4
9. Bc1 Bg7 10. b3 Nb6 11. Bd3 Bb7 12. O-O O-O 13. Ne4 Nc6 14. c3 Qc8 15. Qe2
Re8 16. Ng3 f5 17. e6 Nd8 18. Re1 Bd5 19. Nxf5 gxf5 20. Bxf5 Bxf3 21. Qxf3 Rf8
22. Qh5 Rxf5 23. Qxf5 b4 24. Bb2 bxc3 25. Bxc3 Qb7 26. Re3 Qd5 27. Qg4 Kh8 28.
Rg3 Bxd4+ 29. Kh1 Nxe6 30. Rd1 c5 31. Bxd4+ cxd4 32. f5 Qe5 33. fxe6 Rf8 34.
Rxd4 1-0

[Event "Europa ch Femenino 2013"]
[Site "Belgrado SER"]
[Date "2013.08.01"]
[Round "9.48"]
[White "Azimova, Karina"]
[Black "Sandu, Mihaela"]
[Result "0-1"]
[WhiteElo "2037"]
[BlackElo "2237"]
[PlyCount "182"]
[EventDate "2013.07.23"]
[EventType "swiss"]
[EventRounds "11"]
[EventCountry "SER"]
[Source "lmi"]
[SourceDate "2013.07.22"]

1. e4 c5 2. Nf3 d6 3. d4 cxd4 4. Nxd4 Nf6 5. Nc3 a6 6. Bc4 e6 7. Bb3 Nc6 8. O-O
Qc7 9. Nxc6 bxc6 10. Qf3 Bb7 11. Qg3 Rc8 12. Re1 d5 13. e5 Nd7 14. Bf4 g6 15.
h4 h5 16. Ne2 Nc5 17. Nd4 Bg7 18. c3 Nxb3 19. axb3 c5 20. Nf3 Qb6 21. Ng5 Rd8
22. Be3 d4 23. cxd4 cxd4 24. Qf4 O-O 25. Bd2 Qxb3 26. f3 Rd7 27. g4 Rc8 28.
gxh5 gxh5 29. Re2 Qd3 30. Rg2 Qf5 31. Qxf5 exf5 32. e6 fxe6 33. Nxe6 Bxf3 34.
Rg5 Rc6 35. Re1 Kh7 36. Rxf5 Rxe6 37. Rxe6 Bg4 38. Rfe5 Bxe6 39. Rxe6 Rb7 40.
b4 Rc7 41. Rxa6 Rc2 42. Bg5 Rb2 43. Rd6 Rxb4 44. Kf2 Rb3 45. Ke2 Rh3 46. Kd2
Rf3 47. Ke2 Rh3 48. Kd2 Kg8 49. Ke2 Kf7 50. Kd2 Be5 51. Rh6 Bg7 52. Rd6 Be5 53.
Rh6 Rg3 54. Ke2 Rh3 55. Kd2 Ra3 56. Rxh5 Kg6 57. Rh6+ Kf5 58. Rc6 Rh3 59. Rc1
Ke4 60. Re1+ Kd5 61. Rg1 Bd6 62. Rb1 Ba3 63. Rg1 Bb4+ 64. Ke2 d3+ 65. Kd1 Rh2
66. h5 Ke4 67. h6 Bc3 68. Bc1 Kd5 69. Rf1 d2 70. Bxd2 Rxd2+ 71. Ke1 Rh2+ 72.
Kd1 Rd2+ 73. Ke1 Rh2+ 74. Kd1 Kc4 75. Rf3 Rh1+ 76. Ke2 Rxh6 77. Rf4+ Bd4 78.
Rg4 Rh3 79. Rf4 Rg3 80. Rh4 Kc3 81. Re4 Rg2+ 82. Kf3 Rf2+ 83. Kg3 Rf7 84. Re8
Kd3 85. Rd8 Ke4 86. Re8+ Be5+ 87. Kg2 Rh7 88. Kg1 Rh5 89. Rf8 Bf4 90. Re8+ Kf3
91. Rf8 Ra5 0-1

[Event "Europa ch Femenino 2013"]
[Site "Belgrado SER"]
[Date "2013.08.01"]
[Round "9.49"]
[White "Balaian, Alina"]
[Black "Martynkova, Olena"]
[Result "1/2-1/2"]
[WhiteElo "2237"]
[BlackElo "1851"]
[PlyCount "134"]
[EventDate "2013.07.23"]
[EventType "swiss"]
[EventRounds "11"]
[EventCountry "SER"]
[Source "lmi"]
[SourceDate "2013.07.22"]

1. e4 c5 2. Nf3 e6 3. d4 cxd4 4. Nxd4 Nc6 5. Nc3 Qc7 6. Be2 a6 7. O-O Nf6 8.
Be3 Be7 9. a4 O-O 10. f4 d6 11. Kh1 Bd7 12. Nb3 Nb4 13. Bf3 Rac8 14. a5 Qb8 15.
Rf2 Bd8 16. Rd2 Bc7 17. e5 Ne8 18. exd6 Bxd6 19. Bc5 Bxc5 20. Rxd7 Nd5 21. Bxd5
exd5 22. Nxd5 Bd6 23. Ra4 Rd8 24. Rxd8 Qxd8 25. Rd4 Qc8 26. Nd2 Qe6 27. Ne4 Be7
28. c3 f5 29. Nxe7+ Qxe7 30. Ng5 Nf6 31. h3 h6 32. Nf3 Ne4 33. Qb3+ Kh7 34. Qd5
Ng3+ 35. Kh2 Nf1+ 36. Kg1 Ng3 37. Qe5 Ne2+ 38. Kf2 Qxe5 39. fxe5 Nxd4 40. cxd4
Rd8 41. Ke3 g5 42. Nd2 Kg6 43. Nb3 h5 44. Nc5 h4 45. Kd3 Kf7 46. b3 g4 47. Nxb7
Rb8 48. Nc5 f4 49. Ke2 f3+ 50. Kf2 fxg2 51. Kxg2 g3 52. Kg1 Rd8 53. Nxa6 Rxd4
54. Nc5 Rd1+ 55. Kg2 Rd2+ 56. Kg1 Rc2 57. b4 Rc1+ 58. Kg2 Rc2+ 59. Kg1 Kg6 60.
a6 Rc1+ 61. Kg2 Rc2+ 62. Kg1 Kf5 63. e6 Rc1+ 64. Kg2 Rc2+ 65. Kg1 Rc1+ 66. Kg2
Rc2+ 67. Kg1 Rc1+ 1/2-1/2

[Event "Europa ch Femenino 2013"]
[Site "Belgrado SER"]
[Date "2013.08.01"]
[Round "9.50"]
[White "Kaps, Darja"]
[Black "Korchagina, Viktoria"]
[Result "0-1"]
[WhiteElo "2235"]
[BlackElo "2068"]
[PlyCount "58"]
[EventDate "2013.07.23"]
[EventType "swiss"]
[EventRounds "11"]
[EventCountry "SER"]
[Source "lmi"]
[SourceDate "2013.07.22"]

1. e4 c5 2. Nf3 Nc6 3. d4 cxd4 4. Nxd4 Nf6 5. Nc3 d6 6. Bc4 e6 7. Bb3 Be7 8.
O-O O-O 9. Kh1 Nxd4 10. Qxd4 b6 11. f4 Ba6 12. Rf3 d5 13. exd5 Bc5 14. Qd1 exd5
15. Bxd5 Re8 16. Be3 Bxe3 17. Bxa8 Qxa8 18. Qe1 Bc5 19. Qh4 Bb7 20. Rg3 Bf2 21.
Rxg7+ Kxg7 22. Qxf2 Rg8 23. Rg1 Kh8 24. h3 Qf8 25. Qd4 Qg7 26. Ne2 Re8 27. Nc3
Kg8 28. Nb5 Qg3 29. Qd3 Bxg2+ 0-1

[Event "Europa ch Femenino 2013"]
[Site "Belgrado SER"]
[Date "2013.08.01"]
[Round "9.51"]
[White "Zarkovic, Mila"]
[Black "Eric, Jovana"]
[Result "1/2-1/2"]
[WhiteElo "2070"]
[BlackElo "2223"]
[PlyCount "133"]
[EventDate "2013.07.23"]
[EventType "swiss"]
[EventRounds "11"]
[EventCountry "SER"]
[Source "lmi"]
[SourceDate "2013.07.22"]

1. e4 c5 2. Nf3 d6 3. d4 cxd4 4. Nxd4 Nf6 5. Nc3 g6 6. Be3 Bg7 7. f3 O-O 8. Qd2
Nc6 9. O-O-O d5 10. Kb1 Nxd4 11. e5 Nd7 12. Bxd4 Nxe5 13. Bxe5 Bxe5 14. Qxd5
Qxd5 15. Nxd5 Bd6 16. Nf6+ Kg7 17. Ne4 Bc7 18. Bc4 Rb8 19. g3 b5 20. Bb3 a5 21.
a4 bxa4 22. Bxa4 Rb4 23. b3 Bf5 24. Rhe1 Rfb8 25. Kc1 Rc8 26. Re2 Bb6 27. Kb2
Rd4 28. Rxd4 Bxd4+ 29. c3 Be5 30. f4 Bb8 31. c4 e5 32. fxe5 Bxe5+ 33. Nc3 Bf6
34. Rd2 Rc7 35. Rd6 Rc5 36. Bd7 Be5 37. Rd1 Be4 38. Be8 Rc7 39. Bb5 f5 40. Rc1
Rc8 41. Ka3 Bd6+ 42. Ka4 Bb4 43. Nxe4 fxe4 44. c5 Bxc5 45. Rc4 e3 46. Kxa5 Rc7
47. Ba6 Kf6 48. b4 Bd6 49. Rxc7 Bxc7+ 50. Ka4 h5 51. Be2 Kg5 52. Kb3 h4 53. Kc2
hxg3 54. hxg3 Bxg3 55. Kd3 Kf4 56. Bd1 Be1 57. b5 Ba5 58. Ke2 Bb6 59. Bb3 Kg3
60. Bd5 g5 61. Kf1 g4 62. Ke2 Kh2 63. Kf1 g3 64. Bf3 Kh3 65. Bg2+ Kh2 66. Bf3
Bc5 67. Be4 1/2-1/2

[Event "Europa ch Femenino 2013"]
[Site "Belgrado SER"]
[Date "2013.08.01"]
[Round "9.52"]
[White "Manakova, Maria"]
[Black "Cherednichenko, Elena"]
[Result "0-1"]
[WhiteElo "2351"]
[BlackElo "2167"]
[PlyCount "78"]
[EventDate "2013.07.23"]
[EventType "swiss"]
[EventRounds "11"]
[EventCountry "SER"]
[Source "lmi"]
[SourceDate "2013.07.22"]

1. Nf3 Nf6 2. d4 d5 3. c4 e6 4. g3 Bb4+ 5. Bd2 Be7 6. Bg2 O-O 7. O-O c6 8. Qc2
Nbd7 9. Rd1 b6 10. a4 a5 11. cxd5 cxd5 12. Bf4 Ba6 13. Bc7 Qc8 14. Rc1 Ne8 15.
Na3 Nxc7 16. Qxc7 Bxe2 17. Nb5 Qxc7 18. Rxc7 Rfd8 19. Rac1 Bf8 20. Ne1 Bxb5 21.
axb5 a4 22. Nd3 a3 23. bxa3 Rxa3 24. Bf1 Ra4 25. Rc8 Rxc8 26. Rxc8 Rxd4 27. Rd8
Nc5 28. Ne5 f6 29. Nc6 Rd1 30. f4 Ne4 31. f5 exf5 32. Ne7+ Kf7 33. Rxd5 Rxf1+
34. Kxf1 Kxe7 35. Rxf5 Ke6 36. Rh5 h6 37. g4 Ng5 38. Kf2 g6 39. Rh4 Kd5 0-1

[Event "Europa ch Femenino 2013"]
[Site "Belgrado SER"]
[Date "2013.08.01"]
[Round "9.53"]
[White "Dolzhikova, Olga"]
[Black "Batyte, Daiva"]
[Result "1-0"]
[WhiteElo "2244"]
[BlackElo "2161"]
[PlyCount "117"]
[EventDate "2013.07.23"]
[EventType "swiss"]
[EventRounds "11"]
[EventCountry "SER"]
[Source "lmi"]
[SourceDate "2013.07.22"]

1. e4 e6 2. d4 d5 3. e5 c5 4. c3 Nc6 5. Nf3 Qb6 6. a3 a5 7. Bd3 Nh6 8. dxc5
Bxc5 9. O-O Ng4 10. Qe2 Qc7 11. Bb5 O-O 12. Bf4 f6 13. c4 fxe5 14. Bg3 Bd6 15.
Nc3 e4 16. Ng5 Nf6 17. Bxd6 Qxd6 18. Rad1 Qe5 19. cxd5 exd5 20. f4 exf3 21.
Qxe5 Nxe5 22. Nxd5 fxg2 23. Kxg2 h6 24. Nxf6+ gxf6 25. Ne4 Kg7 26. Rd6 Ng4 27.
Rc1 Bf5 28. Ng3 Bg6 29. Rc7+ Kh8 30. Bd3 Bxd3 31. Rxd3 Rac8 32. Rdd7 Rxc7 33.
Rxc7 b5 34. h3 Ne3+ 35. Kf3 Nc4 36. b4 Nxa3 37. bxa5 Nc4 38. a6 Ra8 39. a7 Nd6
40. Ne4 Nc8 41. Nxf6 Rxa7 42. Rxc8+ Kg7 43. Nh5+ Kg6 44. Nf4+ Kf6 45. Rc6+ Kg7
46. Rb6 Ra3+ 47. Kg4 Rb3 48. h4 Rb1 49. Kf5 b4 50. Rb7+ Kf8 51. Kg6 b3 52. Kxh6
b2 53. h5 Ke8 54. Nd3 Rd1 55. Nxb2 Rd6+ 56. Kg7 Rd5 57. h6 Rd2 58. h7 Rg2+ 59.
Kf6 1-0

[Event "Europa ch Femenino 2013"]
[Site "Belgrado SER"]
[Date "2013.08.01"]
[Round "9.54"]
[White "Makka, Ioulia"]
[Black "Stjazhkina, Olga"]
[Result "0-1"]
[WhiteElo "2171"]
[BlackElo "2243"]
[PlyCount "104"]
[EventDate "2013.07.23"]
[EventType "swiss"]
[EventRounds "11"]
[EventCountry "SER"]
[Source "lmi"]
[SourceDate "2013.07.22"]

1. e4 e5 2. Nf3 Nc6 3. Bb5 f5 4. d3 fxe4 5. dxe4 Nf6 6. O-O Bc5 7. Qe2 d6 8.
Qc4 Qe7 9. Bxc6+ bxc6 10. b4 Be6 11. Qa6 Bb6 12. a4 Nxe4 13. a5 Bxf2+ 14. Rxf2
Nxf2 15. Qxc6+ Kf7 16. Kxf2 Rhf8 17. Bg5 Qd7 18. Qe4 Kg8 19. Kg1 Bf5 20. Qd5+
Kh8 21. Na3 c6 22. Qd2 Be4 23. Nxe5 Qf5 24. Nd3 d5 25. Re1 h6 26. Be3 Qg4 27.
Ne5 Qe6 28. Bd4 Rf5 29. Nd3 Qg6 30. Ne5 Qe6 31. Ng4 Rh5 32. h3 Qg6 33. Qf4 Kh7
34. Re2 Rf5 35. Qc7 Raf8 36. Qxa7 Rf1+ 37. Kh2 h5 38. Nf6+ R8xf6 39. Bxf6 Qxf6
40. Qb8 Qa1 41. Qe8 Rh1+ 42. Kg3 Qxa3+ 43. Kh4 Bg6 44. Qf8 Rb1 45. Re7 Qxb4+
46. g4 Qc3 47. a6 hxg4 48. hxg4 Rh1+ 49. Kg5 Rh5+ 50. Kf4 Qd2+ 51. Kg3 Qh2+ 52.
Kf3 Rh3# 0-1

[Event "Europa ch Femenino 2013"]
[Site "Belgrado SER"]
[Date "2013.08.01"]
[Round "9.55"]
[White "Abdulla, Khayala"]
[Black "Petrovic, Marija"]
[Result "1/2-1/2"]
[WhiteElo "2241"]
[BlackElo "2104"]
[PlyCount "123"]
[EventDate "2013.07.23"]
[EventType "swiss"]
[EventRounds "11"]
[EventCountry "SER"]
[Source "lmi"]
[SourceDate "2013.07.22"]

1. e4 d5 2. exd5 Qxd5 3. Nc3 Qd6 4. d4 Nf6 5. Nf3 g6 6. Nb5 Qb6 7. c4 c6 8. Nc3
Bg7 9. Be2 O-O 10. O-O Rd8 11. a3 Bg4 12. Be3 Nbd7 13. h3 Bf5 14. g4 Qxb2 15.
Ra2 Qxc3 16. Bd2 Bc2 17. Qc1 Qb3 18. Rxc2 Qb6 19. c5 Qc7 20. Bf4 Qc8 21. Bc4
Nd5 22. Bg3 N7f6 23. Re1 Re8 24. Rce2 h6 25. a4 b6 26. Bb3 Qb7 27. Rb2 Rac8 28.
Bc4 Qa8 29. Ba6 Rcd8 30. Ne5 Nd7 31. Nf3 Nf8 32. Qc2 Nd7 33. Rbb1 e6 34. Qc1
Kh7 35. Bh4 Rb8 36. Bg3 Rbd8 37. Bh4 Rb8 38. Bg3 bxc5 39. Bxb8 Rxb8 40. Ne5
Nxe5 41. dxe5 Rxb1 42. Qxb1 Nb4 43. Bf1 Qb8 44. Qe4 Nd5 45. a5 Qd8 46. a6 Bf8
47. Qf3 Kg8 48. Rb1 Nb4 49. Qf4 Qc7 50. Qe3 Qd8 51. Qe2 Be7 52. Rd1 Qc7 53. Qe3
Kg7 54. Rb1 Qd7 55. Be2 Qc8 56. Rxb4 cxb4 57. Qxa7 Qd8 58. Bc4 h5 59. gxh5 gxh5
60. Qb7 Bc5 61. Qxc6 Qg5+ 62. Qg2 1/2-1/2

[Event "Europa ch Femenino 2013"]
[Site "Belgrado SER"]
[Date "2013.08.01"]
[Round "9.56"]
[White "Benderac, Ana"]
[Black "Novkovic, Julia"]
[Result "0-1"]
[WhiteElo "2225"]
[BlackElo "2102"]
[PlyCount "126"]
[EventDate "2013.07.23"]
[EventType "swiss"]
[EventRounds "11"]
[EventCountry "SER"]
[Source "lmi"]
[SourceDate "2013.07.22"]

1. c4 e5 2. Nc3 Nc6 3. g3 d6 4. Bg2 Be6 5. d3 Qd7 6. e3 g6 7. Rb1 Bg7 8. b4 f5
9. Nd5 Nd8 10. Ne2 c6 11. Ndc3 Ne7 12. O-O O-O 13. b5 Nf7 14. Qa4 e4 15. d4
cxb5 16. cxb5 Rfc8 17. Rb4 Ng5 18. Bb2 Nf3+ 19. Kh1 g5 20. Ng1 g4 21. Nge2 d5
22. Rc1 b6 23. Qd1 Ng6 24. Nf4 Nxf4 25. exf4 Bf6 26. Bxf3 gxf3 27. Qd2 Qg7 28.
Nd1 Rxc1 29. Bxc1 Rc8 30. Bb2 h5 31. Ne3 h4 32. Ba1 Kh7 33. Rb1 hxg3 34. fxg3
Qc7 35. Bb2 Qg7 36. Rg1 Qd7 37. a4 Rc7 38. Qb4 Be7 39. Qe1 Bf6 40. Qf1 Qg7 41.
Qd1 Qd7 42. Qf1 Kh8 43. Qd1 Qc8 44. Qd2 Rh7 45. Rc1 Qg8 46. Qf2 Be7 47. Rc7 Bd6
48. Rxh7+ Kxh7 49. Qc2 Bd7 50. Qb3 Kh6 51. Bc1 Qc8 52. Bd2 Be6 53. Kg1 Kg6 54.
Qb1 Qh8 55. Qb2 Qg7 56. Nd1 Kf6 57. Qc2 Ke7 58. Kf2 Qxd4+ 59. Be3 Qh8 60. h4 d4
61. Bc1 Bd5 62. Kg1 Bc5 63. Bb2 d3+ 0-1

[Event "Europa ch Femenino 2013"]
[Site "Belgrado SER"]
[Date "2013.08.01"]
[Round "9.57"]
[White "Stetsko, Lanita"]
[Black "Imeeva, Aisa"]
[Result "1-0"]
[WhiteElo "2209"]
[BlackElo "2079"]
[PlyCount "133"]
[EventDate "2013.07.23"]
[EventType "swiss"]
[EventRounds "11"]
[EventCountry "SER"]
[Source "lmi"]
[SourceDate "2013.07.22"]

1. e4 e5 2. Nf3 Nc6 3. Bb5 a6 4. Ba4 Nf6 5. O-O Be7 6. Re1 b5 7. Bb3 d6 8. c3
O-O 9. h3 Na5 10. Bc2 c5 11. d4 Qc7 12. d5 Nc4 13. b3 Nb6 14. a4 bxa4 15. bxa4
a5 16. Na3 Ba6 17. Nd2 c4 18. Nf1 Nfd7 19. Be3 Nc5 20. Ng3 g6 21. Rb1 Rfc8 22.
Nb5 Qd7 23. Rf1 Rab8 24. Bxc5 Rxc5 25. Na3 Bf6 26. Rb2 Rcc8 27. Qf3 Qd8 28.
Rfb1 Nd7 29. Nf1 Bg5 30. Nb5 Bxb5 31. axb5 Nb6 32. Ra2 Ra8 33. Rba1 Nd7 34. Qe2
Ra7 35. g3 Qb6 36. Ba4 h5 37. h4 Bh6 38. g4 hxg4 39. Qxg4 Rb8 40. Ng3 Nf6 41.
Qf3 Bf4 42. Kg2 Qd8 43. Rh1 Nd7 44. Qe2 Nb6 45. Qg4 Qd7 46. Qxd7 Rxd7 47. Ne2
Bh6 48. h5 Kg7 49. Kf3 Rc7 50. Rha1 Ra7 51. Rg1 Nxa4 52. Rxa4 Rxb5 53. Rga1 Rc5
54. Rb1 Ra6 55. hxg6 fxg6 56. Rb7+ Kf6 57. Ng3 Ra8 58. Nf1 Bf4 59. Rd7 Ra6 60.
Ne3 Bxe3 61. fxe3 Rb5 62. Ra1 Rb2 63. Rf1 g5 64. Kg3+ Kg6 65. Rdf7 g4 66. R1f6+
Kg5 67. Re6 1-0

[Event "Europa ch Femenino 2013"]
[Site "Belgrado SER"]
[Date "2013.08.01"]
[Round "9.58"]
[White "Folkova, Martina"]
[Black "Kruljac, Petra"]
[Result "1-0"]
[WhiteElo "2189"]
[BlackElo "2092"]
[PlyCount "91"]
[EventDate "2013.07.23"]
[EventType "swiss"]
[EventRounds "11"]
[EventCountry "SER"]
[Source "lmi"]
[SourceDate "2013.07.22"]

1. e4 e6 2. d4 d5 3. Nd2 Nf6 4. e5 Nfd7 5. Bd3 c5 6. c3 Nc6 7. Ne2 cxd4 8. cxd4
a5 9. O-O a4 10. Nf3 h6 11. Nf4 Nb6 12. Nh5 Bd7 13. Qd2 Qe7 14. Qf4 Kd8 15. Bd2
Na5 16. Bc3 Nbc4 17. b3 Nb6 18. Rfb1 a3 19. Re1 Nc6 20. Rac1 g6 21. Nf6 Bg7 22.
h4 Kc7 23. Bd2 Rhc8 24. Ng4 Rh8 25. Rc5 h5 26. Nf6 Bh6 27. Ng5 Bxg5 28. Qxg5
Kb8 29. Qf4 Rc8 30. Rec1 Qd8 31. Bb5 Ka7 32. Qe3 Ne7 33. Bb4 Bxb5 34. Rxb5 Nd7
35. Nxd7 Qxd7 36. Bc5+ Kb8 37. Bd6+ Ka7 38. Ra5+ Kb6 39. Rxa8 Rxa8 40. Bc5+ Ka6
41. b4 b6 42. Bd6 Nf5 43. Qd3+ b5 44. Rc7 Qd8 45. Qxa3+ Kb6 46. Qc3 1-0

[Event "Europa ch Femenino 2013"]
[Site "Belgrado SER"]
[Date "2013.08.01"]
[Round "9.59"]
[White "Drljevic, Ljilja"]
[Black "Utiatskaja, Irina"]
[Result "1-0"]
[WhiteElo "2187"]
[BlackElo "2047"]
[PlyCount "61"]
[EventDate "2013.07.23"]
[EventType "swiss"]
[EventRounds "11"]
[EventCountry "SER"]
[Source "lmi"]
[SourceDate "2013.07.22"]

1. e4 c5 2. d3 Nc6 3. g3 Nf6 4. Bg2 d5 5. Nd2 e5 6. Ne2 g6 7. O-O Bg7 8. exd5
Nxd5 9. Ne4 Qe7 10. Bg5 f6 11. c4 Nc7 12. Be3 Nd4 13. b4 cxb4 14. Nxd4 exd4 15.
Bf4 O-O 16. Bd6 Qd8 17. Bxb4 Re8 18. Nd6 Re6 19. Nxc8 Rxc8 20. Qa4 Ra6 21. Qb3
Rb8 22. Rfe1 Kh8 23. Re2 Bf8 24. Bxf8 Qxf8 25. Qb2 Qc5 26. Rae1 Ra3 27. Qd2 b5
28. Re7 g5 29. Qe2 bxc4 30. Qh5 Qf5 31. Be4 1-0

[Event "Europa ch Femenino 2013"]
[Site "Belgrado SER"]
[Date "2013.08.01"]
[Round "9.60"]
[White "Baraeva, Irina"]
[Black "Blagojevic, Tijana"]
[Result "1-0"]
[WhiteElo "2171"]
[BlackElo "2058"]
[PlyCount "75"]
[EventDate "2013.07.23"]
[EventType "swiss"]
[EventRounds "11"]
[EventCountry "SER"]
[Source "lmi"]
[SourceDate "2013.07.22"]

1. d4 d5 2. Nf3 Nf6 3. c4 c6 4. Nc3 e6 5. Bg5 Nbd7 6. e3 Qa5 7. cxd5 Nxd5 8.
Qd2 Bb4 9. Rc1 h6 10. Bh4 c5 11. Bc4 cxd4 12. Qxd4 O-O 13. O-O Nxc3 14. bxc3
Ba3 15. Rcd1 a6 16. Bb3 Qc5 17. Qd2 Ne5 18. Nd4 Nc4 19. Qe2 b5 20. Nc2 Bb2 21.
Qf3 Ra7 22. Bxc4 Qxc4 23. Rd4 Qc7 24. Bg3 Qxc3 25. Nb4 Ba3 26. Bd6 Rd8 27. Rd3
Qc4 28. Rd4 Qc3 29. Rd3 Qc4 30. Rd4 Qc3 31. Nc6 Bxd6 32. Nxa7 Bxh2+ 33. Kxh2
Rxd4 34. exd4 Qc7+ 35. Qg3 Qxa7 36. Rc1 Bd7 37. Qd6 Be8 38. Rc8 1-0

[Event "Europa ch Femenino 2013"]
[Site "Belgrado SER"]
[Date "2013.08.01"]
[Round "9.61"]
[White "Visanescu, Daria-Ioana"]
[Black "Berke, Ana"]
[Result "0-1"]
[WhiteElo "2061"]
[BlackElo "2145"]
[PlyCount "144"]
[EventDate "2013.07.23"]
[EventType "swiss"]
[EventRounds "11"]
[EventCountry "SER"]
[Source "lmi"]
[SourceDate "2013.07.22"]

1. e4 e5 2. Bc4 Nc6 3. Nc3 Nf6 4. d3 Bb4 5. Bd2 O-O 6. Nf3 Bxc3 7. bxc3 d5 8.
exd5 Nxd5 9. h3 Be6 10. O-O Nf4 11. Bb5 Bd5 12. Bxc6 Bxc6 13. Bxf4 exf4 14. Nd4
Bd5 15. Qg4 Qf6 16. Rfe1 c5 17. Nb5 Bc6 18. c4 f3 19. g3 Rad8 20. Qf4 Qxf4 21.
gxf4 a6 22. Nc3 Rd6 23. Kh2 Rh6 24. Re3 Rf6 25. Ne4 Rxf4 26. Nxc5 b5 27. cxb5
axb5 28. Rb1 h5 29. Re7 Rf6 30. Nd7 Bxd7 31. Rxd7 Rc8 32. Kg3 Rc5 33. h4 Rcf5
34. Kh2 Rg6 35. Rg1 Rc6 36. Rc1 Ra6 37. Ra1 Ra4 38. d4 Rc4 39. Rc1 Rf4 40. Kg3
Rfxd4 41. Rxd4 Rxd4 42. Rh1 Rc4 43. Kxf3 Rxc2 44. Rb1 Rc5 45. Kf4 g6 46. f3 Kg7
47. Rb2 Kf6 48. Rd2 Rc4+ 49. Kg3 Ke6 50. Re2+ Kd6 51. Rd2+ Kc6 52. Rd8 Rc5 53.
Rd4 Rf5 54. a3 Kb6 55. Rd8 Rc5 56. Rb8+ Ka7 57. Rd8 Rc7 58. Re8 Ka6 59. Ra8+
Ra7 60. Re8 Ka5 61. Rb8 Ka4 62. Kf4 Ra5 63. Rb7 Kxa3 64. Rxf7 b4 65. Rg7 Ra6
66. Kg5 b3 67. Rb7 b2 68. f4 Ka2 69. f5 gxf5 70. Kxh5 f4 71. Kg4 f3 72. Kxf3
Ra4 0-1

[Event "Europa ch Femenino 2013"]
[Site "Belgrado SER"]
[Date "2013.08.01"]
[Round "9.62"]
[White "Vojinovic, Jovana"]
[Black "Milutinovic, Stefana"]
[Result "1-0"]
[WhiteElo "2376"]
[BlackElo "2035"]
[PlyCount "111"]
[EventDate "2013.07.23"]
[EventType "swiss"]
[EventRounds "11"]
[EventCountry "SER"]
[Source "lmi"]
[SourceDate "2013.07.22"]

1. d4 Nf6 2. c4 c5 3. d5 g6 4. Nf3 d6 5. Nc3 Bg7 6. g3 O-O 7. Bg2 e6 8. O-O Re8
9. Nd2 exd5 10. cxd5 a6 11. a4 Nbd7 12. Nc4 Ne5 13. Nxe5 Rxe5 14. Bf4 Re8 15.
Qd2 Ng4 16. Rab1 Ne5 17. b4 b6 18. Rfc1 Bd7 19. Qa2 Rb8 20. Ne4 Bf5 21. bxc5
Bxe4 22. Bxe4 bxc5 23. Rxb8 Qxb8 24. Rb1 Qc7 25. Qb3 Qa5 26. Qc2 Qc7 27. Bd2
Rb8 28. Rxb8+ Qxb8 29. h3 f5 30. Bd3 Nxd3 31. Qxd3 Qb2 32. Bf4 Be5 33. Bxe5
Qxe5 34. Qxa6 Qxd5 35. Qd3 Qa8 36. Qc4+ d5 37. Qxc5 Qxa4 38. Qxd5+ Kg7 39. e3
Qa1+ 40. Kg2 Qb1 41. g4 h6 42. gxf5 gxf5 43. Kg3 Qc2 44. Kf3 Qb1 45. Kf4 Qg1
46. Qe5+ Kg8 47. Qe8+ Kg7 48. Qd7+ Kg8 49. Qd8+ Kg7 50. Qh4 Qb1 51. Qe7+ Kg8
52. Qe6+ Kg7 53. Qxf5 Qb4+ 54. Kg3 Qe1 55. Kh4 Qb4+ 56. Qg4+ 1-0

[Event "Europa ch Femenino 2013"]
[Site "Belgrado SER"]
[Date "2013.08.01"]
[Round "9.63"]
[White "Cemhan, Kardelen"]
[Black "Shulakova, Svetlana"]
[Result "0-1"]
[WhiteElo "2052"]
[BlackElo "2194"]
[PlyCount "70"]
[EventDate "2013.07.23"]
[EventType "swiss"]
[EventRounds "11"]
[EventCountry "SER"]
[Source "lmi"]
[SourceDate "2013.07.22"]

1. e4 c5 2. Nf3 e6 3. c4 Nc6 4. Nc3 Nd4 5. d3 Ne7 6. Be3 Nec6 7. Be2 Be7 8. O-O
O-O 9. Nd2 Nxe2+ 10. Qxe2 Nd4 11. Qd1 d6 12. f4 Bd7 13. Nf3 Nxf3+ 14. Qxf3 f5
15. Rad1 Bc6 16. d4 cxd4 17. Bxd4 Rf7 18. Qe2 Qa5 19. exf5 Qxf5 20. Rde1 Qg6
21. g3 Bd7 22. Qe4 Qxe4 23. Rxe4 a6 24. Rfe1 Rc8 25. b3 Bd8 26. R4e2 Ba5 27.
Re3 g5 28. Rf1 Rcf8 29. b4 Bxb4 30. Rb1 e5 31. fxe5 Bh3 32. Ree1 dxe5 33. Bxe5
Bc5+ 34. Kh1 Rf2 35. Na4 Be3 0-1

[Event "Europa ch Femenino 2013"]
[Site "Belgrado SER"]
[Date "2013.08.01"]
[Round "9.64"]
[White "Belenkaya, Dina"]
[Black "Zivic, Radmila"]
[Result "1-0"]
[WhiteElo "2191"]
[BlackElo "2029"]
[PlyCount "67"]
[EventDate "2013.07.23"]
[EventType "swiss"]
[EventRounds "11"]
[EventCountry "SER"]
[Source "lmi"]
[SourceDate "2013.07.22"]

1. e4 c5 2. Nf3 Nc6 3. Bb5 d6 4. O-O Bd7 5. c3 Nf6 6. Re1 a6 7. Ba4 Ne5 8.
Bxd7+ Qxd7 9. d4 Nxf3+ 10. Qxf3 e5 11. dxe5 dxe5 12. Na3 Qe6 13. Bg5 Nd7 14.
Rad1 Qxa2 15. Rd5 Be7 16. Bxe7 Kxe7 17. Qf5 Rhd8 18. Red1 Nf8 19. Qg5+ f6 20.
Qxg7+ Ke8 21. Rxd8+ Rxd8 22. Rxd8+ Kxd8 23. Qxf8+ Kc7 24. Qxc5+ Kb8 25. h3 Qxb2
26. Kh2 h5 27. h4 Qc1 28. g3 Ka8 29. Nc4 Qc2 30. Nd6 Qb2 31. Ne8 b6 32. Qc6+
Ka7 33. Kg2 a5 34. Nd6 1-0